[Event "6th Paleochora Open"]
[Site "Paleochora GRE"]
[Date "2013.07.26"]
[Round "9.8"]
[White "Lekic,Du"]
[Black "Antic,De"]
[Result "0-1"]
[WhiteElo "2430"]
[BlackElo "2470"]

1.d4 e6 2.Nf3 Nf6 3.c4 Bb4+ 4.Nc3 c5 5.e3 d6 6.Bd3 Bxc3+ 7.bxc3 Nc6 8.O-O e5
9.Nd2 O-O 10.h3 Re8 11.dxc5 e4 12.Bc2 dxc5 13.a4 Bd7 14.Qe2 b6 15.Rd1 Qc7
16.Nf1 Be6 17.Bb1 Rad8 18.Rxd8 Rxd8 19.Nd2 Qe5 20.Bb2 h5 21.Bc2 Na5 22.Rf1 Qg5
23.f4 exf3 24.Rxf3 Nc6 25.Kh1 h4 26.Qf2 Ne5 27.Rf4 Nd3 28.Bxd3 Rxd3 29.Qe2 Rd8
30.Nf3 Qg3 31.Nxh4 Bc8 32.Bc1 Bb7 33.Kg1 Ne4 34.Nf5 Qg5 35.h4 Nxc3 36.Qf2 Rd1+
37.Kh2 Qxg2+ 38.Qxg2 Bxg2 39.Bb2 Nxa4 40.Bxg7 Rd2 41.Kg3 Bc6 42.e4 Rd3+ 43.Kf2 Bd7
44.Rg4 Bxf5 45.exf5 Kh7 46.Bf6 Kh6 47.Rg8 Kh5 48.Rg5+ Kh6 49.Rg7 Kh5 50.Ke2 Rh3
51.Kd2 a6 52.Rxf7 Kg4 53.Be7 Nb2 54.f6 Nxc4+ 55.Kc1 Kf5 56.Rg7 Ke6 57.Bd8 Rxh4
58.Re7+ Kd5 59.Rd7+ Kc6 60.Ra7 a5 61.Kc2 Rf4 62.Rc7+ Kb5 63.Rb7 a4 64.f7 Rf2+
65.Kc3 Rf3+ 66.Kc2 a3  0-1

[Event "Politiken Cup 2013"]
[Site "Helsingor DEN"]
[Date "2013.07.27"]
[Round "1.105"]
[White "Hansen,Vi"]
[Black "Yilmaz,Kazim"]
[Result "1-0"]
[WhiteElo "2089"]
[BlackElo "1651"]

1.d4 Nf6 2.c4 e6 3.Nc3 Bb4 4.Nf3 b6 5.Bg5 Bb7 6.Qc2 O-O 7.e3 Bxc3+ 8.bxc3 d5
9.Bd3 h6 10.Bh4 Nbd7 11.cxd5 exd5 12.Ne5 g5 13.Bg3 Nxe5 14.Bxe5 Ne4 15.f3 f6
16.Bg3 Nd6 17.O-O-O Qe7 18.h4 Nc4 19.hxg5 fxg5 20.Bxc4 dxc4 21.Qg6+ Qg7 22.Qe6+ Kh7
23.Be5 Qg6 24.Qxc4 c6 25.Rh2 Ba6 26.Qb3 h5 27.Rdh1 h4 28.Rxh4+ gxh4 29.Rxh4+ Qh6
30.Qb1+  1-0

[Event "9th Gazi 2013"]
[Site "Gazi GRE"]
[Date "2013.07.28"]
[Round "2"]
[White "Papadakis,Georgios D."]
[Black "Bras,E"]
[Result "0-1"]
[WhiteElo "1558"]
[BlackElo "2022"]

1.d4 e6 2.c4 Nf6 3.Nf3 Bb4+ 4.Nc3 b6 5.e3 Ne4 6.Qc2 f5 7.Bd3 Bb7 8.O-O Bxc3
9.bxc3 O-O 10.Nd2 Nf6 11.f3 Nc6 12.e4 Ne7 13.Nb3 fxe4 14.fxe4 e5 15.Rf3 Ng6
16.Bd2 Qe7 17.d5 Ng4 18.Rg3 Qh4 19.Rh3 Qf2+ 20.Kh1 Nf4 21.Rg3 Ne2 22.Bxe2 Qxe2
23.Qc1 Qxe4 24.Bh6 Nxh6 25.Qxh6 Rf7 26.Nd2 Qf4 27.Qxf4 Rxf4 28.Re1 Raf8 29.Kg1 d6
30.Rge3 Ba6 31.Re4 Rf2  0-1

[Event "Politiken Cup 2013"]
[Site "Helsingor DEN"]
[Date "2013.07.28"]
[Round "2.26"]
[White "Andersen,Ru1"]
[Black "Soors,S"]
[Result "0-1"]
[WhiteElo "2083"]
[BlackElo "2405"]

1.d4 Nf6 2.c4 e6 3.Nc3 Bb4 4.Nf3 b6 5.Bg5 h6 6.Bh4 g5 7.Bg3 Ne4 8.Qc2 Bb7
9.e3 d6 10.Nd2 Bxc3 11.bxc3 Nxg3 12.hxg3 Nd7 13.f3 Qe7 14.Bd3 O-O-O 15.O-O-O h5
16.Rh2 h4 17.Rdh1 f5 18.e4 f4 19.gxf4 gxf4 20.Nb3 Rh5 21.Qf2 Rdh8 22.Kb2 Kb8
23.Qd2 e5 24.Qf2 Qg7 25.Kc2 a5 26.Rxh4 Rxh4 27.Rxh4 Rxh4 28.Qxh4 Qxg2+ 29.Nd2 Bc6
30.Qe1 Ba4+ 31.Kb2 exd4 32.cxd4 c5 33.e5 dxe5 34.dxe5 Qg7 35.Ka3 Nxe5 36.Be4 Bd7
37.Qe2 a4 38.Nb1 Qg1 39.Bd5 Qd4 40.Qb2 Qxd5 41.cxd5 Nc4+  0-1

[Event "5th Rethymno Open"]
[Site "Rethymno GRE"]
[Date "2013.07.29"]
[Round "2.2"]
[White "Naoum,S"]
[Black "Svetushkin,D"]
[Result "0-1"]
[WhiteElo "2207"]
[BlackElo "2603"]

1.d4 Nf6 2.c4 e6 3.Nc3 Bb4 4.Nf3 b6 5.Qb3 c5 6.a3 Bxc3+ 7.Qxc3 Bb7 8.dxc5 bxc5
9.Bg5 h6 10.Bh4 d6 11.O-O-O a5 12.e3 a4 13.Bd3 Nbd7 14.Bc2 Qb6 15.Nd2 O-O
16.Rhg1 Rfb8 17.Bxf6 Nxf6 18.g4 d5 19.g5 d4 20.exd4 cxd4 21.Qb4 Qxb4 22.axb4 hxg5
23.Rxg5 Rd8 24.Rdg1 d3 25.Rxg7+ Kf8 26.Bd1 Rd4 27.R7g5 Rh4 28.Rb5 Bc6 29.Rc5 Be4
30.Ra5 Rb8 31.Rxa4 Rxh2 32.Rf1 Bf5 33.Bf3 Ng4 34.Bxg4 Bxg4 35.f3 Bf5 36.b5 Kg7
37.Rb4 Ra8 38.Rg1+ Kf6  0-1

[Event "5th Rethymno Open"]
[Site "Rethymno GRE"]
[Date "2013.07.30"]
[Round "4.20"]
[White "Naoum,S"]
[Black "Stamos,F"]
[Result "0-1"]
[WhiteElo "2207"]
[BlackElo "2060"]

1.d4 Nf6 2.c4 e6 3.Nc3 Bb4 4.Nf3 c5 5.g3 O-O 6.Bg2 cxd4 7.Nxd4 d5 8.O-O dxc4
9.Qa4 Na6 10.Ndb5 Nd5 11.Rd1 Qe8 12.Nxd5 exd5 13.Rxd5 Qxe2 14.Be3 Qxb2 15.Rf1 Be6
16.Rh5 g6 17.Rh4 Nc5 18.Bxc5 Bxc5 19.Nc7 b5 20.Qa6 Rad8 21.Nxe6 Rd6 22.Nxc5 Rxa6
23.Nxa6 Qxa2 24.Nb4 Qd2 25.Nd5 c3 26.Nf6+ Kg7 27.Ne4 Qb2 28.Nc5 c2 29.Nd3 Qc3
30.Nc1 Rd8 31.Re4 Rd1 32.Re3 Qd2 33.Nb3 c1=Q 34.Nxd2 Qxd2  0-1

[Event "Politiken Cup 2013"]
[Site "Helsingor DEN"]
[Date "2013.07.31"]
[Round "6.51"]
[White "Martinsen,S"]
[Black "Rolvaag,B"]
[Result "1-0"]
[WhiteElo "2164"]
[BlackElo "1988"]

1.d4 Nf6 2.c4 e6 3.Nc3 Bb4 4.Nf3 Nc6 5.Qc2 d6 6.Bg5 Qe7 7.d5 Bxc3+ 8.Qxc3 Nd8
9.e3 h6 10.Bxf6 Qxf6 11.Qxf6 gxf6 12.g3 e5 13.Nh4 b6 14.Bd3 a5 15.b3 Nb7
16.a3 Nc5 17.Bc2 Bh3 18.Kd2 Ke7 19.b4 Nb7 20.Kc3 Bd7 21.Be4 Rhg8 22.Rhf1 Rg7
23.Bf5 h5 24.Kb2 Rg5 25.e4 Bxf5 26.Nxf5+ Kd7 27.f4 Rg6 28.Rae1 Rf8 29.Rf3 Nd8
30.Ref1 axb4 31.axb4 c5 32.dxc6+ Nxc6 33.Rd1 exf4 34.Rxd6+ Kc7 35.Rxf4 Rg5
36.Rxf6 Nxb4 37.Kc3 Nc6 38.Ne3 Ra5 39.Nd5+ Kb7 40.Rxf7+ Rxf7 41.Rxf7+ Ka6
42.Rc7 Rc5 43.Rxc6  1-0

[Event "XXII TCh-MKD 2013"]
[Site "Struga MKD"]
[Date "2013.07.31"]
[Round "3.1"]
[White "Georgiev,Vl"]
[Black "Todorovski,T"]
[Result "1-0"]
[WhiteElo "2544"]
[BlackElo "2216"]

1.d4 Nf6 2.c4 e6 3.Nc3 Bb4 4.Nf3 O-O 5.Bg5 c5 6.e3 Bxc3+ 7.bxc3 d6 8.Bd3 Nc6
9.Qc2 h6 10.h4 e5 11.dxc5 dxc5 12.Bh7+ Kh8 13.Be4 Qe7 14.Rb1 Qe6 15.Bxf6 Qxf6
16.Ng5 Qe7 17.Bxc6 g6 18.Nxf7+ Rxf7 19.Be4 Rb8 20.Bxg6 Rf6 21.h5 b6 22.Rd1 Be6
23.Qe4  1-0

[Event "10th Plancoet Open A"]
[Site "Plancoet FRA"]
[Date "2013.08.01"]
[Round "6.7"]
[White "Petre,NT"]
[Black "Bailet,P"]
[Result "1/2-1/2"]
[WhiteElo "2371"]
[BlackElo "2474"]

1.c4 Nf6 2.Nc3 e6 3.d4 Bb4 4.Nf3 O-O 5.Bg5 d6 6.e3 Nbd7 7.Nd2 c5 8.d5 Bxc3
9.bxc3 h6 10.Bh4 Ne5 11.dxe6 Bxe6 12.Be2 Ng6 13.Bg3 d5 14.Qc2 d4 15.exd4 cxd4
16.O-O Rc8 17.Rfd1 b5 18.cxb5 Rxc3 19.Qb2 Qc8 20.Rac1 Rd8 21.Nb1 Rc5 22.Qa3 Rxc1
23.Rxc1 Qb7 24.Nd2 d3 25.Qa5  1/2-1/2

[Event "9th Gazi 2013"]
[Site "Gazi GRE"]
[Date "2013.08.03"]
[Round "9"]
[White "Mastrovasilis,A"]
[Black "Kelires,Andreas"]
[Result "1-0"]
[WhiteElo "2523"]
[BlackElo "2087"]

1.d4 Nf6 2.c4 e6 3.Nc3 Bb4 4.Nf3 c5 5.g3 cxd4 6.Nxd4 O-O 7.Bg2 d5 8.Qb3 Bxc3+
9.bxc3 e5 10.Nb5 dxc4 11.Qa3 Nc6 12.Be3 Be6 13.O-O a6 14.Nd6 Qa5 15.Qxa5 Nxa5
16.Rfd1 Ne8 17.Nxb7 Nxb7 18.Bxb7 Rb8 19.Rab1 Bf5 20.Rb6 Nc7 21.Bc5 Rbd8 22.Rxd8 Rxd8
23.Rd6 Re8 24.a4 h6 25.f3 e4 26.f4 Rb8 27.Rb6 a5 28.Kf2 Na8 29.Ra6 Nc7 30.Ra7 Ne6
31.Bb6 Kh7 32.Bxa5 Nc5 33.Bd5 Nxa4 34.Bc7 Nxc3 35.Bxb8 Nxd5 36.Ra5 Ne7 37.Bd6  1-0

[Event "Politiken Cup 2013"]
[Site "Helsingor DEN"]
[Date "2013.08.04"]
[Round "10.74"]
[White "Andersen,Ru1"]
[Black "Green,Per"]
[Result "1/2-1/2"]
[WhiteElo "2083"]
[BlackElo "1967"]

1.d4 Nf6 2.c4 e6 3.Nc3 Bb4 4.Nf3 c5 5.e3 Bxc3+ 6.bxc3 Qa5 7.Qc2 b6 8.Bd3 Bb7
9.O-O Nc6 10.Bd2 d6 11.e4 e5 12.Rab1 Bc8 13.d5 Ne7 14.Nh4 Ng6 15.Nf5 Bxf5
16.exf5 Nf8 17.f4 N6d7 18.fxe5 Nxe5 19.f6 g6 20.Bh6 Nfd7 21.Be2 O-O-O 22.Rb5 Qa6
23.a4 Kc7 24.a5 Ra8 25.Bf4 Rhe8 26.Ra1 Qb7 27.Bxe5 Nxe5 28.Rab1 h5 29.Qb2 Nd7
30.g4 Re5 31.h3 Rae8 32.Bf3 Re1+ 33.Rxe1 Rxe1+ 34.Kf2 Re5 35.Qd2 Qb8 36.g5 Re8
37.Rb1 Ne5 38.Be2 Qc8 39.axb6+ axb6 40.Qb2 Qf5+ 41.Kg1 Qxg5+ 42.Kh1 Rb8 43.Ra1 Qg3
44.Ra7+ Rb7 45.Qa2 Qxh3+ 46.Kg1 Qg3+ 47.Kf1 Qxc3 48.Qa6 Qh3+ 49.Kg1 Qe3+
50.Kf1 Qc1+ 51.Kg2 Qg5+ 52.Kh2 Qf4+ 53.Kg2 Qe4+ 54.Kf2 Qd4+ 55.Kg2 Qe4+ 56.Kf2 Qh4+
57.Kg2 Qg5+ 58.Kh2 Qf4+ 59.Kg2 Qe4+  1/2-1/2

[Event "Chinese Teams 2013"]
[Site "Wuxi CHN"]
[Date "2013.08.04"]
[Round "9.1"]
[White "Lou Yiping"]
[Black "Zeng,C"]
[Result "0-1"]
[WhiteElo "2484"]
[BlackElo "2508"]

1.d4 Nf6 2.c4 e6 3.Nc3 Bb4 4.Nf3 h6 5.e3 O-O 6.Bd3 d6 7.Bd2 e5 8.Qc2 Qe7
9.dxe5 dxe5 10.a3 Bxc3 11.Bxc3 Nbd7 12.Be2 b6 13.b4 Bb7 14.O-O Ne4 15.Bb2 Ng5
16.Nd2 c5 17.f3 f5 18.Rfe1 Rad8 19.Nf1 Ne6 20.Ng3 Qg5 21.Bd3 e4 22.fxe4 f4
23.exf4 Nxf4 24.Rad1 Ne5 25.Bf1 Nh3+ 26.gxh3 Nf3+ 27.Kh1 Nxe1 28.Rxe1 Rd2
29.Qb1 Rff2 30.Re2 Rdxe2 31.Bxe2 Qe3 32.Bc1 Bxe4+ 33.Qxe4 Qxe4+ 34.Nxe4 Rxe2
35.bxc5 bxc5  0-1

[Event "XI Miguel Najdorf Open A 2013"]
[Site "Warsaw POL"]
[Date "2013.08.07"]
[Round "3.20"]
[White "Choroszej,A"]
[Black "Chomczyk,M"]
[Result "1-0"]
[WhiteElo "2147"]
[BlackElo "1962"]

1.d4 Nf6 2.c4 e6 3.Nc3 Bb4 4.Nf3 d5 5.e3 O-O 6.Bd3 c5 7.O-O dxc4 8.Bxc4 Bxc3
9.bxc3 Qc7 10.Qe2 Ne4 11.Bb2 b6 12.Rfd1 Bb7 13.Ne5 Nc6 14.Nxc6 Bxc6 15.Bd3 Qb7
16.c4 f5 17.d5 exd5 18.cxd5 Bxd5 19.Ba6 Qc6 20.Rxd5 f4 21.Qc4 Kh8 22.Qxe4 fxe3
23.fxe3  1-0

[Event "17th Godesberg Open"]
[Site "Bonn GER"]
[Date "2013.08.10"]
[Round "8.4"]
[White "Marcziter,D"]
[Black "Weiler,W"]
[Result "1-0"]
[WhiteElo "2266"]
[BlackElo "2149"]

1.d4 Nf6 2.Nf3 e6 3.c4 Bb4+ 4.Nc3 O-O 5.Qc2 c5 6.a3 Ba5 7.dxc5 Bxc3+ 8.Qxc3 Ne4
9.Qd4 f5 10.b4 Nc6 11.Qd3 a5 12.b5 Qf6 13.Rb1 Ne5 14.Nxe5 Qxe5 15.Bb2 Qxc5
16.Bd4 Qe7 17.g3 d6 18.Bg2 e5 19.Bb2 Be6 20.O-O Rac8 21.Rbc1 Nc5 22.Qd1 f4
23.Rc2 Na4 24.Ba1 Nb6 25.c5 dxc5 26.Bxe5 Bb3 27.Bxf4 Rfd8 28.Qc1 Bxc2 29.Qxc2 Nd5
30.Qc4 Qf7 31.Bg5 Rd6 32.Rd1  1-0

[Event "XXIV Jozefa Kochana Mem"]
[Site "Koszalin POL"]
[Date "2013.08.10"]
[Round "1.5"]
[White "Mielczarski,M"]
[Black "Pijewski,Milosz"]
[Result "1/2-1/2"]
[WhiteElo "2241"]
[BlackElo "1516"]

1.d4 Nf6 2.c4 e6 3.Nf3 Bb4+ 4.Nc3 c5 5.Qb3 cxd4 6.Nxd4 Nc6 7.Nxc6 Bxc3+ 8.Qxc3 bxc6
9.c5 O-O 10.f3 Nd5 11.Qd4 Ba6 12.e4 Bxf1 13.Rxf1 Nc7 14.Bf4 f5 15.O-O-O Na6
16.Qc4 Qa5 17.Bd6 Rf7 18.e5 Nb4 19.Kb1 Nd5 20.Rd3 Qb5 21.Qxb5 cxb5 22.Rc1 a5
23.c6 dxc6 24.Rxc6 Rb7 25.Rd2 Rb6 26.Rc5 Kf7 27.g3 Ke8 28.g4 f4 29.h4 Kd7
30.Rdc2 a4 31.Rc7+ Nxc7 32.Rxc7+ Ke8 33.Rxg7 Raa6 34.Re7+ Kd8 35.Rxh7 Rc6
36.h5 Rc4 37.Rb7 Rac6 38.a3 Rc1+ 39.Ka2 Rd1 40.Rb8+ Kd7 41.Rb7+ Kd8 42.Rb8+ Kd7
43.Rb7+  1/2-1/2

[Event "FIDE World Cup 2013"]
[Site "Tromso NOR"]
[Date "2013.08.11"]
[Round "1.40"]
[White "Hammer,J"]
[Black "Movsesian,S"]
[Result "1/2-1/2"]
[WhiteElo "2605"]
[BlackElo "2699"]

1.d4 Nf6 2.c4 e6 3.Nc3 Bb4 4.Nf3 d5 5.cxd5 exd5 6.Bg5 h6 7.Bh4 c5 8.e3 c4
9.Be2 Nc6 10.O-O g5 11.Bg3 O-O 12.Ne5 Bxc3 13.bxc3 Ne4 14.Bf3 Nxg3 15.hxg3 Bf5
16.e4 Nxe5 17.exf5 Nxf3+ 18.Qxf3 Qd6 19.a4 Rfe8 20.Rae1 Rad8 21.Qg4 Qa3 22.Qh5 Qd6
23.f4 Rxe1 24.Rxe1 Qf6 25.Re5 Kg7 26.Qf3 Qd6 27.fxg5 hxg5 28.f6+ Qxf6 29.Qh5 Kf8
30.Rxg5 Rd6 31.Rxd5 Rxd5 32.Qxd5 Qh6 33.Qxc4 Qe3+ 34.Kh2 Qh6+ 35.Kg1 Qe3+
36.Kf1 Qxg3 37.Qc8+ Kg7 38.Qh3 Qf4+ 39.Ke2 Qe4+ 40.Kd2 Qb1 41.Qg3+ Kf8 42.Qb8+ Kg7
43.Qe5+ Kg8 44.d5 Qa2+ 45.Kd3 Qb1+ 46.Kd4 Qb6+ 47.Ke4 Qf2 48.g3 Qc2+ 49.Ke3 Qxa4
50.Qb8+ Kg7 51.Qxb7 Qd1 52.c4 Qc1+ 53.Kd4 Qg1+ 54.Kc3 Qc1+ 55.Kd4 Qg1+ 56.Ke4 Qe1+
57.Kf4 Qf2+  1/2-1/2

[Event "FIDE World Cup 2013"]
[Site "Tromso NOR"]
[Date "2013.08.12"]
[Round "2.15"]
[White "Johannessen,LE"]
[Black "Leko,P"]
[Result "1/2-1/2"]
[WhiteElo "2519"]
[BlackElo "2744"]

1.d4 Nf6 2.c4 e6 3.Nc3 Bb4 4.Nf3 b6 5.e3 O-O 6.Bd3 d5 7.cxd5 exd5 8.O-O Ba6
9.Bxa6 Nxa6 10.Qd3 Qc8 11.a3 Bxc3 12.bxc3 c5 13.Nd2 Re8 14.f3 Qb7 15.Bb2 c4
16.Qe2 Re6 17.Rfe1 Rae8 18.Nf1 Nh5 19.Qd2 f5 20.a4 Qf7 21.g3 Nc7 22.Ba3 h6
23.h3 Nf6 24.g4 Nh7 25.Kg2 fxg4  1/2-1/2

[Event "47th Mislata Open"]
[Site "Mislata ESP"]
[Date "2013.08.13"]
[Round "2.5"]
[White "Cruz Lledo,P"]
[Black "Sanchez Dengra,J"]
[Result "0-1"]
[WhiteElo "2271"]
[BlackElo "2134"]

1.d4 Nf6 2.c4 e6 3.Nc3 Bb4 4.Nf3 b6 5.Bg5 Bb7 6.Nd2 h6 7.Bh4 Nc6 8.a3 Be7
9.e3 O-O 10.Bd3 Ne4 11.Bxe7 Nxc3 12.Bxd8 Nxd1 13.Bxc7 Nxb2 14.Be4 Rfc8 15.Bd6 Na5
16.c5 Bxe4 17.Nxe4 f5 18.Nd2 bxc5 19.dxc5 Nd3+ 20.Ke2 Nxc5 21.Rac1 Nab3 22.Nxb3 Nxb3
23.Rxc8+ Rxc8 24.Rb1 Rc2+ 25.Kd3 Rd2+ 26.Kc3 Rxd6 27.Rxb3 Kf7 28.Rb7 a6 29.h4 e5
30.a4 e4 31.a5 Ke6 32.Kc4 Rc6+ 33.Kb3 g6 34.Ra7 g5 35.h5 f4 36.Rb7 fxe3 37.fxe3 d5
38.g4 Ke5 39.Kb4 d4 40.Re7+ Kd5 41.exd4 Kxd4 42.Rd7+ Ke5 43.Rb7 e3 44.Re7+ Re6
45.Rxe6+ Kxe6 46.Kc3 Ke5 47.Kd3 Kf4  0-1

[Event "FIDE World Cup 2013"]
[Site "Tromso NOR"]
[Date "2013.08.14"]
[Round "2.1"]
[White "Lysyj,I"]
[Black "Aronian,L"]
[Result "1/2-1/2"]
[WhiteElo "2648"]
[BlackElo "2813"]

1.d4 Nf6 2.c4 e6 3.Nc3 Bb4 4.Nf3 b6 5.Qc2 Bb7 6.a3 Bxc3+ 7.Qxc3 O-O 8.e3 c5
9.Be2 cxd4 10.Qxd4 Nc6 11.Qd1 Rc8 12.b4 a5 13.Bd2 Ne4 14.O-O axb4 15.axb4 d5
16.cxd5 Qxd5 17.Be1 Ne7 18.Qd4 Qxd4 19.Nxd4 Nd6 20.Bd2 Ne4 21.Be1 Nd6 22.Bd2  1/2-1/2

[Event "3rd Split Open 2013"]
[Site "Split CRO"]
[Date "2013.08.16"]
[Round "7.4"]
[White "Martinovic,Sa"]
[Black "Drazic,S"]
[Result "1/2-1/2"]
[WhiteElo "2526"]
[BlackElo "2473"]

1.d4 Nf6 2.c4 e6 3.Nc3 Bb4 4.Nf3 c5 5.g3 b6 6.Bg2 Bb7 7.O-O O-O 8.d5 Bxc3
9.bxc3 exd5 10.Nh4 Ne4 11.cxd5 Nxc3 12.Qd3 Na4 13.Qc4 Qf6 14.Ba3 b5 15.Qxb5 Nb6
16.Bb2 Ba6 17.Qb3 Qd8 18.Qc3 f6 19.Qxc5 Bxe2 20.Rfe1 d6 21.Qc2 Bg4 22.h3 Qc8
23.Qxc8 Bxc8 24.Rac1 Na6 25.Ba3 Rd8 26.Bf1 g5 27.Nf5 Bxf5 28.Bxa6 Bxh3 29.Re7 Rd7
30.Rxd7 Bxd7 31.Bxd6 Bc8 32.Bb5 Bb7 33.Bc6 Rc8 34.Bc5 Ba8 35.Bxb6 axb6 36.f4 gxf4
37.gxf4 Kf7 38.Kf2 Bxc6 39.dxc6 Ke6 40.Ke3 Kd6 41.Rh1 Rxc6 42.Rxh7 Rc4 43.Rh5 Rb4
44.Rf5 Ke6 45.Rh5 Rb2 46.Ke4 Re2+ 47.Kf3 Rb2 48.Ke4 Rb4+ 49.Ke3 Rb1 50.Ke4 Rb2
51.Ke3 Rxa2 52.Rb5 Ra6 53.Ke4 Kd6 54.Rf5 Ke7 55.Rb5 Kf7 56.Rb1 Ra4+ 57.Ke3 Ra6
58.Ke4 Ke6 59.Rb5 Ke7 60.Rb1 Kf7 61.Rb2 Ke6 62.Rb5 f5+ 63.Ke3 Kf6 64.Rb1 Ra3+
65.Kf2 Kg6 66.Rg1+ Kf7 67.Rb1 Ra6 68.Rb5 Kg6 69.Ke3 Ra3+ 70.Kf2 Ra5 71.Rxb6+ Kh5
72.Rb4 Kg4 73.Kg2 Ra2+ 74.Kf1 Ra3 75.Kf2 Rf3+ 76.Kg2 Rd3 77.Kf2 Rd2+ 78.Ke1 Ra2
79.Kf1 Rh2 80.Kg1 Rd2 81.Ra4 Kf3 82.Ra3+ Kxf4 83.Kf1 Kg4 84.Kg1 f4 85.Kf1 Rh2
86.Kg1 Re2 87.Kf1 Re4 88.Kf2 Rb4 89.Rc3 f3 90.Rc8 Rb2+ 91.Kf1  1/2-1/2

[Event "FIDE World Cup 2013"]
[Site "Tromso NOR"]
[Date "2013.08.16"]
[Round "2.3"]
[White "Lysyj,I"]
[Black "Aronian,L"]
[Result "0-1"]
[WhiteElo "2648"]
[BlackElo "2813"]

1.d4 Nf6 2.c4 e6 3.Nc3 Bb4 4.Nf3 d5 5.cxd5 exd5 6.Bg5 h6 7.Bh4 Nbd7 8.e3 g5
9.Bg3 Ne4 10.Qc2 Nb6 11.Bd3 Nxg3 12.hxg3 Be6 13.Ne5 Qe7 14.f4 O-O-O 15.O-O Kb8
16.a3 Bd6 17.a4 gxf4 18.gxf4 Rhg8 19.a5 Nc4 20.Bxc4 dxc4 21.a6 Bxe5 22.fxe5 c5
23.Rad1 cxd4 24.exd4 Rg4 25.d5 Bc8 26.axb7 Bxb7 27.Qf5 Rdg8 28.Rf2 R8g5 29.Qf6 Qxf6
30.exf6 Re5 31.Rdd2 Kc7 32.Rfe2 Rgg5 33.Rxe5 Rxe5 34.Rd4 Rf5 35.Rxc4+ Kd7
36.Rb4 Bc8 37.Ra4 a6 38.b4 Rf4 39.Ra1 Rc4 40.Na4 Rxb4 41.Nc5+ Kd6 42.Rc1 Kxd5
43.Nd3 Rc4 44.Rxc4 Kxc4 45.Ne5+ Kd5 46.Nxf7 a5 47.Ne5 Be6 48.Nd3 a4 49.Kf2 a3
50.Nc1 Ke5  0-1

[Event "28th Metropolitan GM"]
[Site "Los Angeles USA"]
[Date "2013.08.17"]
[Round "8"]
[White "Shen,V"]
[Black "Panjwani,R"]
[Result "1-0"]
[WhiteElo "2415"]
[BlackElo "2413"]

1.d4 Nf6 2.c4 e6 3.Nf3 Bb4+ 4.Nc3 c5 5.g3 Ne4 6.Qc2 cxd4 7.Nxd4 Qa5 8.Bg2 Nxc3
9.O-O Nxa2 10.Be3 Na6 11.Qb1 Bc5 12.Nb3 Qb4 13.Nxc5 Nxc5 14.Rxa2 d6 15.Rd1 O-O
16.Rxd6 e5 17.Rd5 Nb3 18.Rxe5 Be6 19.Bd5 Na5 20.Bxe6  1-0

[Event "28th Schwarzacher Open"]
[Site "Schwarzach AUT"]
[Date "2013.08.17"]
[Round "1.8"]
[White "Hofmann,T"]
[Black "Smirnov,Arte"]
[Result "1/2-1/2"]
[WhiteElo "2147"]
[BlackElo "2439"]

1.d4 Nf6 2.c4 e6 3.Nc3 Bb4 4.Nf3 b6 5.e3 Ne4 6.Qc2 Bb7 7.Bd3 f5 8.Nd2 Nd6
9.O-O O-O 10.f3 c5 11.a3 Ba5 12.Nb3 Bxc3 13.Qxc3 Qf6 14.Bd2 cxd4 15.exd4 Nc6
16.c5 Nf7 17.Bc4 Ne7 18.Qd3 Bd5 19.cxb6 axb6 20.Bb4 Rfc8 21.Bxe7 Bxc4 22.Qxc4 Rxc4
23.Bxf6 gxf6 24.Rfc1 Nd6 25.Rxc4 Nxc4 26.Rb1 Kf7 27.Kf2 h5 28.Nc1 Na5 29.Nd3 Nb3
30.Ke3 Rc8 31.Nb4 Rc4 32.Rd1 d5 33.f4 Ke7 34.Rd3 Na5 35.Kd2 Rc8 36.b3 Rg8
37.g3 h4 38.Kc3 Rh8 39.Rd1 hxg3 40.hxg3 Rh3 41.Rd3 Nb7 42.Re3 Kd7 43.Na2 Nd6
44.Kb4 Rh2 45.Nc3 Rd2 46.Nb5 Ne4 47.a4 Rg2 48.Nc3 Kc6 49.Ne2 Rf2 50.a5 Rf1
51.Nc3 bxa5+ 52.Kxa5 Rg1 53.b4 Ra1+ 54.Na4 Nd6 55.Rxe6 Kd7 56.Rxf6 Nc4+ 57.Kb5 Nd6+
58.Ka5 Nc4+ 59.Kb5 Nd6+ 60.Ka5 Nc4+  1/2-1/2

[Event "9th BDO Premier"]
[Site "Haarlem NED"]
[Date "2013.08.19"]
[Round "3.1"]
[White "L'Ami,E"]
[Black "Klein,Da"]
[Result "1/2-1/2"]
[WhiteElo "2626"]
[BlackElo "2468"]

1.d4 Nf6 2.c4 e6 3.Nc3 Bb4 4.Nf3 c5 5.g3 Bxc3+ 6.bxc3 Qa5 7.Bd2 b6 8.Bg2 Bb7
9.O-O O-O 10.Qb3 Qa6 11.Bg5 Ne4 12.d5 f5 13.Bf4 Re8 14.Rad1 d6 15.Nh4 e5
16.Nxf5 exf4 17.Bxe4 Rxe4 18.Nxd6 Rxe2 19.Rfe1 f3 20.Nb5 Bc8 21.Rxe2 fxe2
22.Re1 Bg4 23.f3 Bxf3 24.Nc7 Qb7 25.Nxa8 Qe7 26.Kf2 Qf6 27.Rxe2 Bxd5+ 28.Kg1 Bxa8
29.Re8+ Kf7 30.Rxb8 Qe5 31.Rxa8 Qe1+ 32.Kg2 Qe2+ 33.Kg1 Qe1+ 34.Kg2 Qe2+
35.Kg1  1/2-1/2

[Event "3rd Isthmia Open"]
[Site "Vrachati GRE"]
[Date "2013.08.23"]
[Round "7.7"]
[White "Naoum,S"]
[Black "Pavlovic,Milos"]
[Result "0-1"]
[WhiteElo "2186"]
[BlackElo "2511"]

1.d4 Nf6 2.c4 e6 3.Nc3 Bb4 4.Nf3 Bxc3+ 5.bxc3 d6 6.g3 b6 7.Bg2 Bb7 8.O-O O-O
9.Ne1 Bxg2 10.Nxg2 Qc8 11.Qd3 Qa6 12.Bg5 Nbd7 13.Rfd1 c5 14.e4 d5 15.exd5 exd5
16.Bxf6 dxc4 17.Qf5 Nxf6 18.dxc5 Rac8 19.cxb6 axb6 20.Rd6 Qa3 21.Rxb6 Qxc3
22.Rab1 Qd4 23.Ne3 c3 24.R6b4 Qd2 25.Qc2 Nd5 26.Rh4 h6 27.Rd1 Qxe3 28.fxe3 Nxe3
29.Qc1 Nxd1 30.Rd4 c2 31.Rxd1 cxd1=Q+ 32.Qxd1 Rfd8 33.Qe2 Ra8 34.Kg2 Ra3
35.Kh3 Rda8 36.Qe4 Rxa2 37.Qd5 R2a5 38.Qb3 g6 39.Qc4 Rf5 40.Kg4 Rf2 41.h4 h5+
42.Kg5 Kh7 43.Qc7  0-1

[Event "11th Kesan Open"]
[Site "Edirne TUR"]
[Date "2013.08.26"]
[Round "1.3"]
[White "Demir,Z"]
[Black "Quparadze,G"]
[Result "0-1"]
[WhiteElo "1952"]
[BlackElo "2500"]

1.d4 Nf6 2.c4 e6 3.Nc3 Bb4 4.Nf3 b6 5.Bg5 Bb7 6.e3 h6 7.Bh4 Bxc3+ 8.bxc3 d6
9.Bd3 Nbd7 10.O-O Qe7 11.Qa4 a5 12.c5 dxc5 13.Ne5 O-O 14.Bb5 g5 15.Nxd7 Nxd7
16.Bg3 Nf6 17.Bc6 Bxc6 18.Qxc6 cxd4 19.exd4 Nd5 20.f4 Qe8 21.Qxe8 Rfxe8 22.fxg5 hxg5
23.Rf3 g4 24.Rd3 b5 25.Rf1 f5 26.Be5 Kf7 27.h3 Rg8 28.h4 Kg6 29.g3 Ra6 30.Rb1 Rb6
31.Kf2 Rgb8 32.a3 Rc6 33.Rc1 Rc4 34.Ke2 b4 35.axb4 axb4 36.h5+ Kh7 37.Kd2 bxc3+
38.Rdxc3 Nxc3 39.Kd3 Rc6 40.Rxc3 Rxc3+ 41.Kxc3 Kh6 42.Kc4 Kxh5 43.Kc5 Rd8
44.Kc6 Rd5 45.Kxc7 f4 46.gxf4 g3 47.f5 exf5  0-1

[Event "TCh-SRB 1st League w 2013"]
[Site "Kragujevac SRB"]
[Date "2013.08.26"]
[Round "3.6"]
[White "Prodanovic,S"]
[Black "Manakova,M"]
[Result "0-1"]
[WhiteElo "2110"]
[BlackElo "2351"]

1.d4 Nf6 2.c4 e6 3.Nc3 Bb4 4.Nf3 b6 5.Bg5 Bb7 6.e3 h6 7.Bh4 Bxc3+ 8.bxc3 d6
9.Bxf6 Qxf6 10.Be2 O-O 11.O-O Nc6 12.Nd2 Na5 13.Bf3 Bxf3 14.Qxf3 Qxf3 15.gxf3 e5
16.Kh1 Rac8 17.Rac1 f5 18.Rg1 Kh7 19.Rg2 Rf7 20.Rcg1 c6 21.Rg6 exd4 22.cxd4 d5
23.c5 bxc5 24.dxc5 Rb8 25.Nb3 Nxb3 26.axb3 Rc7 27.Rd6 Rb5 28.b4 Rxb4 29.Rgg6 f4
30.Rxc6 Rcb7 31.Rg4 Rb2 32.Rg2 Re2 33.h4 a5 34.e4 dxe4 35.fxe4 f3 36.Rg4 Rxf2
37.e5 Rb1+ 38.Rg1 Rbb2  0-1

[Event "FIDE World Cup 2013"]
[Site "Tromso NOR"]
[Date "2013.08.26"]
[Round "6.1"]
[White "Vachier Lagrave,M"]
[Black "Kramnik,V"]
[Result "1/2-1/2"]
[WhiteElo "2719"]
[BlackElo "2784"]

1.d4 Nf6 2.c4 e6 3.Nc3 Bb4 4.Nf3 c5 5.g3 cxd4 6.Nxd4 O-O 7.Bg2 d5 8.Qb3 Bxc3+
9.bxc3 dxc4 10.Qa3 e5 11.Nb5 Nc6 12.Be3 Bg4 13.Rd1 Qa5 14.Qxa5 Nxa5 15.Nxa7 Nc6
16.Bxc6  1/2-1/2

[Event "24th Porto San Giorgio Open"]
[Site "Porto San Giorgio ITA"]
[Date "2013.08.27"]
[Round "7.3"]
[White "Petkov,V"]
[Black "Naumkin,I"]
[Result "1-0"]
[WhiteElo "2552"]
[BlackElo "2445"]

1.d4 Nf6 2.c4 e6 3.Nc3 Bb4 4.Nf3 c5 5.g3 O-O 6.Bg2 cxd4 7.Nxd4 d5 8.cxd5 Nxd5
9.Bd2 Nxc3 10.bxc3 Be7 11.Rb1 Na6 12.O-O Nc5 13.Bf4 Bd7 14.Nb3 Bc6 15.Bxc6 bxc6
16.Qxd8 Rfxd8 17.Na5 Rdc8 18.Rfd1 Kf8 19.Bd6 Ne4 20.Bxe7+ Kxe7 21.Rb7+ Kf6
22.Rd4 Nxc3 23.Rf4+ Ke5 24.Nc4+ Kd5 25.Ne3+ Kd6 26.Rfxf7 Nxa2 27.Rb2 Nc3
28.Rc2 Nd5 29.Nc4+ Kc5 30.Rb7 Kd4 31.Nd6 Rc7 32.Rb3 a5 33.Rc4+ Ke5 34.Ne4 a4
35.Ra3 Rca7 36.f4+ Kf5 37.Nc5 Nb6 38.Re4 Ra5 39.Re5+ Kf6 40.Rxe6+ Kf7 41.Rxc6 Nc4
42.Rc7+  1-0

[Event "21st Honor to National Resistance"]
[Site "Nikaia GRE"]
[Date "2013.08.28"]
[Round "3.12"]
[White "Kesoglou,K"]
[Black "Grigoriadis,M"]
[Result "1-0"]
[WhiteElo "2114"]
[BlackElo "1903"]

1.d4 Nf6 2.c4 e6 3.Nc3 Bb4 4.Nf3 O-O 5.Qc2 b6 6.a3 Bxc3+ 7.Qxc3 d5 8.e3 Ne4
9.Qc2 c5 10.Bd3 Bb7 11.cxd5 Qxd5 12.Bxe4 Qxe4 13.Qxe4 Bxe4 14.dxc5 bxc5 15.Bd2 Nd7
16.Bc3 c4 17.O-O Rfd8 18.Ne5 Nc5 19.f3 Bd3 20.Rf2 Rac8 21.e4 h5 22.Ba5 Nb3
23.Bxd8 Nxa1 24.Ba5 Nb3 25.Bc3 Rc7 26.Bb4 Nd4 27.Rd2 Nb3 28.Rd1 Bc2 29.Rd8+ Kh7
30.Bd6 Rb7 31.Nxc4 Nc1 32.b4 Ba4 33.e5 Ne2+ 34.Kf2 Nc3 35.Na5 Rd7 36.Rxd7 Bxd7
37.Bc5 a6 38.Nc4 Kg6 39.Bd4 Nb5 40.Bb2 Bc6 41.Ke3 f5 42.Na5 Bd5 43.Kd3 Kg5
44.Nc4 Kh4 45.a4 Na7 46.Bc3 Bc6 47.Nd6 Kg5 48.Bd4 h4 49.Bxa7 h3 50.g3 Bxa4  1-0

[Event "Petersburg Summer Blitz 2013"]
[Site "St Petersburg RUS"]
[Date "2013.08.28"]
[Round "10.1"]
[White "Bukavshin,I"]
[Black "Rozum,I"]
[Result "1-0"]
[WhiteElo "2539"]
[BlackElo "2525"]

1.d4 Nf6 2.c4 e6 3.Nc3 Bb4 4.Nf3 b6 5.e3 Bb7 6.Bd3 O-O 7.O-O Bxc3 8.bxc3 Be4
9.Be2 d6 10.Nd2 Bb7 11.a4 Nc6 12.Nb3 a5 13.f3 e5 14.e4 Nd7 15.Be3 Ne7 16.Rb1 f5
17.exf5 Nxf5 18.Bf2 e4 19.fxe4 Bxe4 20.Bd3 Bxd3 21.Qxd3 Qg5 22.c5 Rae8 23.cxb6 Nxb6
24.Rbe1 Nd5 25.Qc4 c6 26.Rxe8 Rxe8 27.Qxc6 Nf6 28.Nxa5 Ne3 29.Bxe3 Qxe3+
30.Kh1 Ng4 31.h3 Rb8 32.Qd5+ Kh8 33.Qf5 Nf6 34.Nc6 Ra8 35.a5 Qxc3 36.Qf3 Qc4
37.Rb1 h6 38.Ne7 Re8 39.Ng6+ Kh7 40.Qf5 Kg8 41.Nf4 Qxd4 42.a6 Ne4 43.Qd5+ Qxd5
44.Nxd5 Nc5 45.a7 Nd7 46.Nc7  1-0